<?xml version="1.0" encoding="UTF-8"?>
<record
    xmlns:xsi="http://www.w3.org/2001/XMLSchema-instance"
    xsi:schemaLocation="http://www.loc.gov/MARC21/slim http://www.loc.gov/standards/marcxml/schema/MARC21slim.xsd"
    xmlns="http://www.loc.gov/MARC21/slim">

  <leader>01835cam a2200325 a 4500</leader>
  <controlfield tag="001">15893627</controlfield>
  <controlfield tag="003">OSt</controlfield>
  <controlfield tag="005">20150408113959.0</controlfield>
  <controlfield tag="008">111214s2009    nyu      b    001 0 eng  </controlfield>
  <datafield tag="010" ind1=" " ind2=" ">
    <subfield code="a">  </subfield>
  </datafield>
  <datafield tag="020" ind1=" " ind2=" ">
    <subfield code="a">9780199555918</subfield>
  </datafield>
  <datafield tag="040" ind1=" " ind2=" ">
    <subfield code="a">DLC</subfield>
    <subfield code="c">MU</subfield>
  </datafield>
  <datafield tag="082" ind1="0" ind2="0">
    <subfield code="a">823.912 J O C</subfield>
    <subfield code="2">22</subfield>
  </datafield>
  <datafield tag="084" ind1=" " ind2=" ">
    <subfield code="a">HM 2335</subfield>
    <subfield code="2">rvk</subfield>
  </datafield>
  <datafield tag="245" ind1="0" ind2="0">
    <subfield code="a">Joseph Conrad /</subfield>
    <subfield code="c">edited and with an introduction by Harold Bloom.</subfield>
  </datafield>
  <datafield tag="250" ind1=" " ind2=" ">
    <subfield code="a">New ed.</subfield>
  </datafield>
  <datafield tag="260" ind1=" " ind2=" ">
    <subfield code="a">New York :</subfield>
    <subfield code="b">Bloom's Literary Criticism,</subfield>
    <subfield code="c">2009.</subfield>
  </datafield>
  <datafield tag="300" ind1=" " ind2=" ">
    <subfield code="a">vii, 215 p. ;</subfield>
    <subfield code="c">25 cm.</subfield>
  </datafield>
  <datafield tag="490" ind1="1" ind2=" ">
    <subfield code="a">Bloom's modern critical views</subfield>
  </datafield>
  <datafield tag="504" ind1=" " ind2=" ">
    <subfield code="a">Includes bibliographical references and index.</subfield>
  </datafield>
  <datafield tag="505" ind1="0" ind2=" ">
    <subfield code="a">Conrad : satire and fiction / Martin Price -- The secret agent : the irony of home truths / Anthony Winner -- "Heart of darkness" : visionary skepticism / Mark A. Wollaeger -- Conrad and the myth of the monstrous town / Cedric Watts -- Subversive plots : from Under western eyes to The secret agent / Christopher GoGwilt -- Absence and presence in Victory / Robert Hampson -- Anti-heroics and epic failures : the case of Nostromo / Terry Collits -- "Material interests" : Conrad's Nostromo as a critique of global capitalism / J. Hillis Miller -- "There will be fighting" : insurgency and postcoloniality in Almayer's folly and An outcast of the islands / Tom Henthorne.</subfield>
  </datafield>
  <datafield tag="600" ind1="1" ind2="0">
    <subfield code="a">Conrad, Joseph,</subfield>
    <subfield code="d">1857-1924</subfield>
    <subfield code="x">Criticism and interpretation.</subfield>
    <subfield code="9">6894</subfield>
  </datafield>
  <datafield tag="655" ind1=" " ind2="7">
    <subfield code="a">Aufsatzsammlung.</subfield>
    <subfield code="2">swd</subfield>
    <subfield code="9">8431</subfield>
  </datafield>
  <datafield tag="700" ind1="1" ind2=" ">
    <subfield code="a">Bloom, Harold.</subfield>
    <subfield code="9">8065</subfield>
  </datafield>
  <datafield tag="830" ind1=" " ind2="0">
    <subfield code="a">Bloom's modern critical views.</subfield>
    <subfield code="9">8432</subfield>
  </datafield>
  <datafield tag="856" ind1=" " ind2="2">
    <subfield code="m">V:DE-603;B:DE-30</subfield>
    <subfield code="q">application/pdf</subfield>
    <subfield code="u">http://scans.hebis.de/HEBCGI/show.pl?21222199_toc.pdf</subfield>
    <subfield code="3">Inhaltsverzeichnis</subfield>
  </datafield>
  <datafield tag="906" ind1=" " ind2=" ">
    <subfield code="a">7</subfield>
    <subfield code="b">cbc</subfield>
    <subfield code="c">orignew</subfield>
    <subfield code="d">1</subfield>
    <subfield code="e">ecip</subfield>
    <subfield code="f">20</subfield>
    <subfield code="g">y-gencatlg</subfield>
  </datafield>
  <datafield tag="942" ind1=" " ind2=" ">
    <subfield code="2">ddc</subfield>
    <subfield code="c">DVD</subfield>
  </datafield>
  <datafield tag="999" ind1=" " ind2=" ">
    <subfield code="c">19761</subfield>
    <subfield code="d">254261</subfield>
  </datafield>
  <datafield tag="952" ind1=" " ind2=" ">
    <subfield code="1">0</subfield>
    <subfield code="2">2013-03-10</subfield>
    <subfield code="4">0</subfield>
    <subfield code="7">0</subfield>
    <subfield code="a">823.912 J O C</subfield>
    <subfield code="c">n 1</subfield>
    <subfield code="d">2011-12-14</subfield>
    <subfield code="h">IC</subfield>
    <subfield code="i">00100619</subfield>
    <subfield code="m">IC</subfield>
    <subfield code="r">2013-03-10 00:00:00</subfield>
    <subfield code="t">BOOK</subfield>
    <subfield code="w">ddc</subfield>
    <subfield code="y">0</subfield>
  </datafield>
  <datafield tag="952" ind1=" " ind2=" ">
    <subfield code="1">0</subfield>
    <subfield code="2">2013-03-10</subfield>
    <subfield code="4">0</subfield>
    <subfield code="7">0</subfield>
    <subfield code="a">823.912 J O C</subfield>
    <subfield code="c">n 2</subfield>
    <subfield code="d">2011-12-14</subfield>
    <subfield code="h">IC</subfield>
    <subfield code="i">00100620</subfield>
    <subfield code="m">IC</subfield>
    <subfield code="r">2013-03-10 00:00:00</subfield>
    <subfield code="t">BOOK</subfield>
    <subfield code="w">ddc</subfield>
    <subfield code="y">0</subfield>
  </datafield>
</record>
